Columbia documents of architecture and theory : D.

Bibliographic Details
Corporate Author: Columbia University. Graduate School of Architecture, Planning, and Preservation
Format: Journal
Language:English
Published: New York : Columbia University Graduate School of Architecture, Planning, and Preservation, [1992-]
Subjects:
Online Availability: Check for online availability

MARC

Tag First Indicator Second Indicator Subfields
LEADER 00000cas a2200000 a 4500
001 in00001153421
005 20151001060810.0
008 920910c19929999nyufr1p 0 a0eng d
010 |a sn 92005672  
022 0 |a 1065-304X 
035 |a (OCoLC)26569982 
035 |9 AGD0758AM 
040 |a NSD  |c NSD  |d NST  |d EYM  |d UtOrBLW 
042 |a nsdp  |a lcd 
043 |a n-us--- 
049 |a TXAE 
082 1 0 |a 720  |2 12 
090 |a NA1  |b .C65 
210 0 |a Columbia doc. archit. theory 
222 0 |a Columbia documents of architecture and theory 
245 0 0 |a Columbia documents of architecture and theory :  |b D. 
246 1 3 |a D 
264 1 |a New York :  |b Columbia University Graduate School of Architecture, Planning, and Preservation,  |c [1992-] 
264 4 |c ©1992- 
300 |a volumes :  |b illustrations ;  |c 26 cm. 
310 |a Semiannual 
336 |a text  |b txt  |2 rdacontent 
337 |a unmediated  |b n  |2 rdamedia 
338 |a volume  |b nc  |2 rdacarrier 
362 0 |a Vol. 1 (1992)- 
500 |a Description based on volume2 (1993). 
610 2 0 |a Columbia University.  |b Graduate School of Architecture, Planning, and Preservation  |x Periodicals. 
650 0 |a Architecture  |v Periodicals. 
710 2 |a Columbia University.  |b Graduate School of Architecture, Planning, and Preservation. 
999 |a MARS 
999 f f |s 96bc56a3-5edc-3f53-9928-d7f034723609  |i 6ee272b7-d0e7-3525-b1bb-841d147f4d0d  |t 0 
952 f f |p serial  |a Texas A&M University  |b College Station  |c Sterling C. Evans Library  |d Evans: Library Stacks  |t 0  |e NA1 .C65  |h Library of Congress classification  |i unmediated -- volume  |k v.1  |l 1992  |m A14818033048 
952 f f |p serial  |a Texas A&M University  |b College Station  |c Sterling C. Evans Library  |d Evans: Library Stacks  |t 0  |e NA1 .C65  |h Library of Congress classification  |i unmediated -- volume  |k v.2  |l 1993  |m A14817736588 
998 f f |a NA1 .C65  |s v.1 (1992)-v.2 (1993)  |t 0  |l Evans: Library Stacks